000 01069nas a2200349 4500
001 BR0301092
003 BR-BrBNA
005 20231205103613.0
007 ta
008 230509b bl.|||p| |||| 00| 00por d
040 _aBR-BrBNA
_bpor
_cBiblioteca Nacional de Agricultura
041 _a(Pt)
072 _aP33; P32
100 1 _aMelo, V.F.
100 1 _aNovais, R.F.
100 1 _aSchaefer, C.E.G.R.
100 1 _aFontes, M.P.F.
100 1 _aSingh, B.
245 1 _aMineralogia das frações areia, silte e argila de sedimentos do Grupo Barreiras no município de Aracruz, Estado do Espírito Santo
650 _aSOLO
650 _aAREIA
650 _aARGILA
650 _aMINERALOGIA
650 _aPROFUNDIDADE
650 _aMICROSCOPIA ELETRÔNICA
650 _aESPECTROMETRIA
650 _aANÁLISE QUANTITATIVA
650 _aESPÍRITO SANTO
773 0 _tRevista Brasileira de Ciência do Solo (Brazil)
_xISSN 0100-0683
_g(Jan-Mar 2002), v. 23(1) p. 29-41
_wBR0301092
909 _a202311
_bLúcia
_c55
_dLúcia Elande
942 _2AGRIS
_n0
_cANA
999 _c173768
_d173768